000 00757cam a2200205 i 4500
005 20251108171946.0
008 250721s2003 jo gr 000 0 ara d
082 1 4 _a410
_bق و ا
100 1 _aالقواسمة، محمد عبد الله
_eمؤلف.
245 1 0 _aمعالم في اللغة العربية /
_cدكتور محمد عبد الله القواسمة.
250 _aالطبعة الثانية، مزيدة ومنقحة.
264 1 _aعمان :
_bمكتبة المجتمع العربي للنشر،
_c2003.
300 _a192 صفحة.
650 1 7 _aاللغة العربية.
650 1 7 _aقواعد اللغة.
650 1 7 _aالصوتيات.
650 1 7 _aالقواميس.
942 _2ddc
_cBK
999 _c66912
_d66912